000 00808nam a22002055i 4500
001 151468
003 ES-MaACL
005 20250820142433.0
008 040826s1882 sp |||| | spa d
040 _aCAM
_bspa
_cCAM
245 0 0 _aAmorosas
_b: poesías de los principales autores modernos puestas en rima castellana /
_cT. Llorente.
260 _aValencia :
_bLibrería de Pascual Aguilar,
_c1882 (
_fImp. de R. Ortega)
300 _a192, [2] p. ;
_c15 cm.
490 1 _aBiblioteca selecta ;
_v8
597 _aAntep.
700 1 _aLlorente, Teodoro,
_d1836-1911
_9150700
830 0 _aBiblioteca selecta ;
_v8
_9182888
852 _aES-MaACL
_jT-611-F-2
_z-- Enc. hol.
_q-- Falto de la cub. original
_z-- Las pp.17-32 enc. delante de antep.
_z-- Enc. en un vol. facticio
999 _c151468
_d151468